Riconosci il Trasferimento - Quiz n°8 - Statistics

Statistiche generali
  • Questo quiz è stato fatto 5.324 volte
  • Il punteggio medio è 10 su 20
Statistiche sulle risposte
Ruolo Nazione Trasferimento Calciatore % Corretto
Centrocampista Italia Milan 2015 - Sassuolo 2018 - Juventus 2021 Manuel Locatelli
97%
Portiere Uruguay Wanderers M 2004 - Nacional 2007 - Lazio 2007 - Galatasaray 2011 Fernando Muslera
70%
Centrocampista/Attaccante Inghilterra Manchester City 2018 Phil Foden
70%
Attaccante Olanda Jong PSV 2016 - 2018 PSV - Liverpool 2023 Cody Gakpo
69%
Centrocampista/Attaccante Belgio Club Bruges 2019 - Milan 2022 Charles De Ketelaere
63%
Attaccante Argentina Racing Club 2015 - Inter 2018 Lautaro Martinez
58%
Attaccante Italia Napoli 2009 - Cavese 2010 - Foggia 2010 - Pescara 2011 - Napoli 2012 - Toronto FC 2022 Lorenzo Insigne
57%
Difensore Brasile Atletico Mineiro 2017 - Torino 2018 - Juventus 2022 Gleison Bremer
55%
Difensore Brasile San Paolo 2017 - Porto 2018 - Real Madrid 2019 Éder Militão
52%
Difensore/Centrocampista Italia Empoli 2012 - Virtus Lanciano 2013 - Siena 2013 - Atalanta 2014 - Vicenza 2015 - Perugia 2015 - Atalanta 2016 - Juventus 2018 - Roma 2019 Leonardo Spinazzola
49%
Attaccante Inghilterra Liverpool 2012 - Manchester City 2015 - Chelsea 2022 Raheem Sterling
48%
Centrocampista Spagna Atletico Madrid B 2008 - Atletico Madrid 2009 Koke
44%
Centrocampista Svizzera Basilea U-21 2008 - Basilea 2010 - Borussia Mönchengladbach 2012 - Arsenal 2016 Granit Xhaka
39%
Centrocampista/Attaccante Germania Borussia Dortmund 2009 - Bayern Monaco 2013 - Borussia Dortmund 2016 - PSV 2020 - Eintracht Francoforte 2022 Mario Götze
36%
Attaccante Croazia Inter Zaprešić 2011 - Lok. Zagabria 2013 - St. Pauli II 2014 - St. Pauli 2014 - Crotone 2015 - Sampdoria 2016 - Crotone 2017 - Maiorca 2019 - Osasuna 2020 Ante Budimir
33%
Difensore Polonia Lech Poznan 2009 - Warta Poznan 2011 - Lech Poznan 2012 - Legia Varsavia 2013 - Sampdoria 2017 - Napoli 2023 Bartosz Bereszyński
27%
Centrocampista Portogallo Sporting Lisbona B 2003 - Sporting Lisbona 2004 - Porto 2010 - Monaco 2013 - Wolverhampton 2018 João Moutinho
26%
Attaccante Senegal/Francia Rouen 2005 - R.E.Mouscron 2006 - Hoffenheim 2007 - West Ham Utd 2011 - Newcastle Utd 2011 - Chelsea 2013 - Beşiktaş 2014 - Shanghai Shenhua 2015 - Beşiktaş 2017 - Shanghai Shenhua 2017 - Göztepe 2018 - Shanghai Shenhua 2018 - İstanbul Başakşehir 2019 -Lugano 2021 Demba Ba
23%
Centrocampista Francia Lorient 2016 - Arsenal 2018 - Hertha Berlino 2020 - Olympique Marsiglia 2021 Mattéo Guendouzi
23%
Centrocampista Spagna Real Madrid Castilla 2014 - Real Madrid 2015 - Alavés 2016 - Real Madrid 2017 - Atletico Madrid 2019 Marcos Llorente
17%
Nessun quiz corrispondente trovato
Distribuzione punteggi
Percentuale di utenti per punteggio
Percentile per numero di risposta
I tuoi punteggi nel tempo
Non hai fatto questo quiz